[Event "Reykjavik op"]
[Site "Reykjavik"]
[Date "2023.04.02"]
[Round "7"]
[White "Diaz, Franck"]
[Black "Scotti, Martin"]
[Result "1/2-1/2"]
[WhiteElo "2035"]
[BlackElo "1734"]
[PlyCount "129"]
[EventDate "2023.03.29"]
[EventType "swiss"]
[EventRounds "9"]
[EventCountry "ISL"]
[SourceTitle "EXT 2024"]
[Source "ChessBase"]
[SourceDate "2023.10.10"]
[SourceVersion "1"]
[SourceVersionDate "2023.10.10"]
[SourceQuality "1"]

1. e4 c5 2. Nf3 d6 3. d4 cxd4 4. Nxd4 Nf6 5. Nc3 a6 6. Bc4 e6 7. g4 h6 8. Bb3 Nc6 9. f3 Be7 10. Be3 Nxd4 11. Bxd4 b5 12. Qd2 Bb7 13. 0-0-0 Bc6 14. h4 a5 15. a4 b4 16. g5 bxc3 17. Qxc3 Rc8 18. gxf6 gxf6 19. Qd2 Qd7 20. Qxa5 Ra8 21. Qc3 e5 22. Bc5 Bxa4 23. Ba3 Bxb3 24. Qxb3 Qe6 25. Qb5+ Qd7 26. Qd5 Rd8 27. Rhg1 Qe6 28. Qb5+ Qd7 29. Qd3 Qa4 30. Qd5 Rc8 31. Rd2 Qc6 32. Kb1 Qxd5 33. Rxd5 Kd7 34. Rg7 Ke6 35. Rd1 h5 36. b3 Rcg8 37. Rdg1 Rxg7 38. Rxg7 f5 39. exf5+ Kxf5 40. Rxf7+ Ke6 41. Rg7 Bxh4 42. Rg6+ Bf6 43. Rg3 h4 44. Rh3 d5 45. Bb4 e4 46. fxe4 dxe4 47. c4 Kf5 48. Bd6 Ra8 49. b4 Ra1+ 50. Kc2 Bg5 51. b5 Rc1+ 52. Kb3 Ke6 53. c5 Kd5 54. b6 Kc6 55. Kb2 e3 56. Rh2 Rf1 57. Kc2 Rf2+ 58. Kd1 Rxh2 59. Bxh2 Be7 60. Ke2 Bxc5 61. Kf3 Bxb6 62. Bf4 h3 63. Bxe3 Bxe3 64. Kg3 h2 65. Kxh2 1/2-1/2

[Event "Reykjavik op"]
[Site "Reykjavik"]
[Date "2018.03.08"]
[Round "4"]
[White "Coffman, Charles Z"]
[Black "Diaz, Franck"]
[Result "0-1"]
[WhiteElo "1814"]
[BlackElo "2050"]
[PlyCount "90"]
[EventDate "2018.03.06"]
[EventType "swiss"]
[EventRounds "9"]
[EventCountry "ISL"]
[SourceTitle "CBM 183 Extra"]
[Source "ChessBase"]
[SourceDate "2018.04.19"]
[SourceVersion "1"]
[SourceVersionDate "2018.04.19"]
[SourceQuality "1"]

1. e4 e5 2. Nf3 Nc6 3. Bb5 a6 4. Ba4 d6 5. c3 f5 6. d3 fxe4 7. dxe4 Nf6 8. Bg5 Be7 9. Bxf6 Bxf6 10. Qd5 Bd7 11. b4 Ne7 12. Bxd7+ Qxd7 13. Qb3 Ng6 14. g3 Qf7 15. Nbd2 0-0 16. Ke2 c6 17. Qxf7+ Rxf7 18. c4 Nf8 19. Rad1 b5 20. Nb3 bxc4 21. Na5 d5 22. exd5 e4 23. Ne1 cxd5 24. Rxd5 c3 25. Nc2 Ne6 26. Nb3 Raf8 27. Rf1 Bd8 28. Rd6 Ng5 29. Nc5 Be7 30. Rd4 Bxc5 31. bxc5 Nf3 32. Ra4 Nxh2 33. Rc1 Rxf2+ 34. Ke3 Nf1+ 35. Kxe4 Nxg3+ 36. Kd3 R8f3+ 37. Ne3 Re2 38. c6 Rfxe3+ 39. Kc4 Re4+ 40. Kd5 Rxa4 41. Rxc3 Nf5 42. c7 Ne7+ 43. Kd6 Raxa2 44. Rd3 Rad2 45. Rd5 Rxd5# 0-1

[Event "Reykjavik op"]
[Site "Reykjavik"]
[Date "2018.03.07"]
[Round "3"]
[White "Diaz, Franck"]
[Black "Alderson, John KA"]
[Result "1-0"]
[WhiteElo "2050"]
[BlackElo "1824"]
[PlyCount "79"]
[EventDate "2018.03.06"]
[EventType "swiss"]
[EventRounds "9"]
[EventCountry "ISL"]
[SourceTitle "CBM 183 Extra"]
[Source "ChessBase"]
[SourceDate "2018.04.19"]
[SourceVersion "1"]
[SourceVersionDate "2018.04.19"]
[SourceQuality "1"]

1. e4 e6 2. d4 d5 3. Nc3 Nf6 4. e5 Nfd7 5. Qg4 h5 6. Qg3 g6 7. Bg5 Be7 8. Nf3 a6 9. 0-0-0 c5 10. dxc5 Bxg5+ 11. Nxg5 Nc6 12. f4 Qe7 13. Be2 Nxc5 14. Bf3 Bd7 15. Bxd5 0-0-0 16. Bf3 h4 17. Qe1 Kb8 18. Nge4 Na7 19. Nd6 Bc6 20. Bxc6 Nxc6 21. Qe3 Nd7 22. Rhe1 g5 23. g3 hxg3 24. hxg3 Rh3 25. Qf2 Rdh8 26. fxg5 Qxg5+ 27. Qf4 Qxf4+ 28. gxf4 R3h7 29. Nce4 Rg8 30. Nc4 Rd8 31. Ng5 Rg7 32. Rg1 b5 33. Nd6 Rf8 34. c3 Ka7 35. Nxb5+ axb5 36. Rxd7+ Kb6 37. Rgd1 Nxe5 38. fxe5 Rxg5 39. R1d6+ Kc5 40. Rc7# 1-0

[Event "Reykjavik op"]
[Site "Reykjavik"]
[Date "2018.03.06"]
[Round "1"]
[White "Diaz, Franck"]
[Black "Kantorik, Marian"]
[Result "0-1"]
[WhiteElo "2050"]
[BlackElo "2313"]
[PlyCount "57"]
[EventDate "2018.03.06"]
[EventType "swiss"]
[EventRounds "9"]
[EventCountry "ISL"]
[SourceTitle "CBM 183 Extra"]
[Source "ChessBase"]
[SourceDate "2018.04.19"]
[SourceVersion "1"]
[SourceVersionDate "2018.04.19"]
[SourceQuality "1"]

1. e4 c6 2. d4 g6 3. Nc3 Bg7 4. Nf3 d5 5. exd5 cxd5 6. Bf4 a6 7. Ne5 f6 8. Nf3 Nc6 9. Qd2 e6 10. 0-0-0 Nge7 11. h4 b5 12. h5 Bd7 13. h6 Bf8 14. Bxb5 axb5 15. Nxb5 Nf5 16. Nc7+ Kf7 17. Nxa8 Qxa8 18. Kb1 Bd6 19. Bxd6 Nxd6 20. Ne1 Rb8 21. b3 Qa3 22. Qc1 Qa7 23. c3 Na5 24. Kc2 Nac4 25. Qa1 Na3+ 26. Kd2 Rc8 27. Nd3 Bb5 28. Qb2 Bxd3 29. Kxd3 0-1

[Event "Reykjavik op"]
[Site "Reykjavik"]
[Date "2016.03.14"]
[Round "8"]
[White "Diaz, Franck"]
[Black "Kolka, Dawid"]
[Result "1-0"]
[WhiteElo "2060"]
[BlackElo "1891"]
[PlyCount "63"]
[EventDate "2016.03.08"]
[EventType "swiss"]
[EventRounds "10"]
[EventCountry "ISL"]
[SourceTitle "CBM 171 Extra"]
[Source "ChessBase"]
[SourceDate "2016.04.26"]
[SourceVersion "1"]
[SourceVersionDate "2016.04.26"]
[SourceQuality "1"]

1. e4 c6 2. d4 d5 3. exd5 cxd5 4. c4 Nf6 5. Nc3 Nc6 6. Bg5 Be6 7. Nge2 h6 8. Bxf6 exf6 9. g3 dxc4 10. Bg2 Na5 11. Nf4 Bd6 12. Nxe6 fxe6 13. Qh5+ Kf8 14. 0-0 Bc7 15. Rfe1 e5 16. dxe5 Bxe5 17. Rad1 Qe8 18. Qf5 g6 19. Qc2 Qf7 20. Bd5 Qg7 21. Ne4 Rc8 22. b4 Nc6 23. Qxc4 b5 24. Qc5+ Qe7 25. Bxc6 Qxc5 26. Nxc5 Rxc6 27. Rd8+ Kg7 28. Rd7+ Kg8 29. f4 Bd6 30. Re8+ Bf8 31. Rxa7 g5 32. f5 1-0

[Event "Lille Luce op 6th"]
[Site "Lille"]
[Date "2015.05.08"]
[Round "7"]
[White "Diaz, Franck"]
[Black "Deketelaere, Francky"]
[Result "1-0"]
[WhiteElo "2111"]
[BlackElo "1762"]
[PlyCount "67"]
[EventDate "2015.05.04"]
[EventType "swiss"]
[EventRounds "9"]
[EventCountry "FRA"]
[SourceTitle "EXT 2017"]
[Source "ChessBase"]
[SourceDate "2016.10.25"]
[SourceVersion "1"]
[SourceVersionDate "2016.10.25"]
[SourceQuality "1"]

1. e4 d6 2. d4 Nf6 3. Nc3 e5 4. Nf3 Nbd7 5. Bc4 h6 6. h3 Be7 7. g4 c6 8. a4 Qc7 9. Ba2 exd4 10. Nxd4 Ne5 11. f4 Ng6 12. Qf3 Qb6 13. Nf5 0-0 14. Nxe7+ Nxe7 15. Bb3 Nd7 16. a5 Qc7 17. Be3 Nc5 18. Bxc5 dxc5 19. h4 Be6 20. h5 Bxb3 21. cxb3 Rad8 22. Qe3 Rfe8 23. 0-0 Nd5 24. Qf3 Nb4 25. Rad1 Qxa5 26. e5 Nc2 27. Ne4 Nd4 28. Qf2 Qb4 29. Nd6 Re7 30. g5 Red7 31. gxh6 gxh6 32. Rd3 Kh8 33. Kh2 Nf5 34. Nxf7+ 1-0

[Event "FRA-chT2 South 0809"]
[Site "France"]
[Date "2009.03.15"]
[Round "9.5"]
[White "Diaz, Franck"]
[Black "Weill, Roland"]
[Result "1/2-1/2"]
[WhiteElo "2174"]
[BlackElo "2209"]
[PlyCount "113"]
[EventDate "2008.10.12"]
[EventType "team-tourn"]
[EventRounds "11"]
[EventCountry "FRA"]
[SourceTitle "EXT 2010"]
[Source "ChessBase"]
[SourceDate "2010.11.25"]
[SourceVersion "1"]
[SourceVersionDate "2010.11.25"]
[SourceQuality "1"]
[WhiteTeam "Vitrolles"]
[BlackTeam "Montpellier Diagonale"]
[WhiteTeamCountry "FRA"]
[BlackTeamCountry "FRA"]

1. e4 e5 2. f4 d5 3. exd5 e4 4. d3 Nf6 5. dxe4 Nxe4 6. Be3 Qh4+ 7. g3 Nxg3 8. Nf3 Qe7 9. hxg3 Qxe3+ 10. Qe2 Qxe2+ 11. Bxe2 Bd6 12. Nbd2 Nd7 13. Ne4 Nc5 14. Bb5+ Kf8 15. Nxd6 cxd6 16. 0-0 a6 17. Be2 g6 18. Rfe1 Kg7 19. b4 Ne4 20. Kg2 Nf6 21. c4 Bd7 22. Bd3 Rhe8 23. Rxe8 Rxe8 24. Re1 Rxe1 25. Nxe1 Kf8 26. Nc2 Ke7 27. Ne3 h5 28. a3 Kd8 29. Bc2 Kc7 30. Kf3 b6 31. Bd3 Bc8 32. Bc2 Bb7 33. Ba4 Bc8 34. Bc2 Bd7 35. Bd3 Ba4 36. Bc2 Bxc2 37. Nxc2 b5 38. cxb5 axb5 39. Ne3 Kb6 40. Ke2 Ne4 41. Kf3 f5 42. Ng2 Nf6 43. Nh4 Nxd5 44. Nxg6 Kc6 45. Nh4 Ne7 46. Ke3 Kd5 47. Kd3 Ke6 48. Nf3 Nc6 49. Nd2 Ne7 50. Nb3 Nc6 51. Na5 Kd7 52. Nb3 Kc7 53. Nd2 Ne7 54. Nf3 Nc6 55. Nh4 Ne7 56. Nf3 Nc6 57. Nh4 1/2-1/2

[Event "FRA-chT2 South 0708"]
[Site "France"]
[Date "2007.11.25"]
[Round "3.6"]
[White "Lagunes, Jean Renaud"]
[Black "Diaz, Franck"]
[Result "1/2-1/2"]
[WhiteElo "2078"]
[BlackElo "2176"]
[PlyCount "68"]
[EventDate "2007.10.21"]
[EventType "team"]
[EventRounds "11"]
[EventCountry "FRA"]
[SourceTitle "EXT 2009"]
[Source "ChessBase"]
[SourceDate "2008.11.26"]
[SourceVersion "1"]
[SourceVersionDate "2008.11.26"]
[SourceQuality "1"]
[WhiteTeam "Echiquier Bordelais"]
[BlackTeam "Vitrolles"]
[WhiteTeamCountry "FRA"]
[BlackTeamCountry "FRA"]

1. e4 e5 2. Nf3 Nc6 3. Bb5 a6 4. Ba4 Nf6 5. Qe2 b5 6. Bb3 Bc5 7. a4 Rb8 8. axb5 axb5 9. d3 d6 10. Be3 Bg4 11. h3 Bxf3 12. Qxf3 Nd4 13. Bxd4 Bxd4 14. c3 Bc5 15. Nd2 0-0 16. 0-0 Nd7 17. Ra6 Qg5 18. Rd1 Bb6 19. Bd5 Nc5 20. Ra2 Ne6 21. Nf1 g6 22. Rda1 Kg7 23. g3 Nc5 24. Ra8 Rxa8 25. Rxa8 Qe7 26. Rxf8 Qxf8 27. g4 Qe7 28. Bc6 Ne6 29. Bxb5 Nf4 30. Ne3 Qh4 31. Kh2 Nxh3 32. Qg3 Qxg3+ 33. Kxg3 Nf4 34. Nd5 Nxd5 1/2-1/2

[Event "FRA-chT2 South 0607"]
[Site "France"]
[Date "2007.01.20"]
[Round "5.5"]
[White "Diaz, Franck"]
[Black "Weill, Roland"]
[Result "0-1"]
[WhiteElo "2207"]
[BlackElo "2261"]
[PlyCount "84"]
[EventDate "2006.10.15"]
[EventType "team"]
[EventRounds "11"]
[EventCountry "FRA"]
[SourceTitle "EXT 2008"]
[Source "ChessBase"]
[SourceDate "2007.11.25"]
[SourceVersion "1"]
[SourceVersionDate "2007.11.25"]
[SourceQuality "1"]
[WhiteTeam "Vitrolles"]
[BlackTeam "L'Isle sur la Sorgue"]
[WhiteTeamCountry "FRA"]
[BlackTeamCountry "FRA"]

1. e4 e5 2. f4 d5 3. exd5 e4 4. d3 Nf6 5. dxe4 Nxe4 6. Be3 Qh4+ 7. g3 Nxg3 8. Nf3 Qe7 9. hxg3 Qxe3+ 10. Qe2 Qxe2+ 11. Bxe2 Bc5 12. Nc3 0-0 13. 0-0-0 Nd7 14. Kb1 Nf6 15. Ne5 Bd6 16. Nc4 Bd7 17. Nxd6 cxd6 18. Bf3 Rfe8 19. Rhe1 h5 20. Kc1 g6 21. Kd2 Kf8 22. Rxe8+ Rxe8 23. Re1 Rxe1 24. Kxe1 Ke7 25. Kd2 Ne8 26. Nd1 Ng7 27. Ne3 f6 28. c4 g5 29. b4 b6 30. Kc3 gxf4 31. gxf4 h4 32. Kd4 Nf5+ 33. Nxf5+ Bxf5 34. c5 bxc5+ 35. bxc5 dxc5+ 36. Kxc5 Kd7 37. d6 h3 38. a4 h2 39. a5 Bc2 40. Bc6+ Kd8 41. f5 Bxf5 42. Kd4 Bc2 0-1